Mayors of Portland by Picture - Statistics

General Stats
  • This quiz has been taken 4 times
    3 since last reset
  • The average score is 17 of 45
Answer Stats
Picture Hint Answer % Correct
2017-2024 Ted Wheeler
100%
1985-1992 Bud Clark
67%
1973-1979 Neil Goldschmidt
67%
2009-2012 Sam Adams
67%
1993-2004 Vera Katz
67%
1852 A. C. Bonnell
33%
1911-1913 Allen G. Rushlight
33%
2013-2016 Charlie Hales
33%
1979-1980 Connie McCready
33%
1863-1864 David Logan
33%
1879-1882 David P. Thompson
33%
1949-1952 Dorothy McCullough Lee
33%
1941-1948 Earl Riley
33%
1980-1985 Frank Ivancie
33%
1953-1957 Fred L. Peterson
33%
1860-1861 G. Collier Robbins
33%
1902-1905 George Henry Williams
33%
1917-1933 George Luis Baker
33%
1894-1896 George P. Frank
33%
1855-1856 George W. Vaughn
33%
1869-1871 Goldsmith Bernard
33%
1905-1909 Harry Lane
33%
1864-1866 | 1873-1875 Henry Failing
33%
1900-1902 Henry S. Rowe
33%
1913-1917 H. Russell Albee
33%
1851-1852 Hugh O'Bryant
33%
1867-1868 | 1875-1877 | 1882-1885 J. A. Chapman
33%
1856-1857 James O'Neill
33%
1885-1888 John Gates
33%
1861-1862 John M. Breck
33%
1933-1940 Joseph K. Carson
33%
1909-1911 Joseph Simon
33%
1853-1854 Josiah Failing
33%
2025-Present Keith Wilson
33%
1871-1873 Philip Wasserman
33%
1859-1860 S. J. McCormick
33%
1896-1898 Sylvester Pennoyer
33%
1957-1972 Terry Schrunk
33%
1866-1867 Thomas J. Holmes
33%
2005-2008 Tom Potter
33%
1888-1891 Van B. DeLashmutt
33%
1899-1900 W. A. Storey
33%
1854-1855 | 1857-1858 William S. Ladd
33%
1891-1894 | 1898-1899 William S. Mason
33%
1877-1879 William Spencer Newbury
33%
No matching quizzes found
Score Distribution
Percent of People with Each Score
Percentile by Number Answered
Your Score History
You have not taken this quiz since the last reset